Top 10 des puissances agricoles - Statistiques

Statistiques générales
  • Ce quiz a été pris 392 fois
  • Le résultat moyen est 5 sur 10
Statistiques - réponses
place pays % Correct
10 france
98%
2 états-unis
94%
3 chine
89%
8 russie
86%
4 inde
75%
1 Indonésie
33%
7 iran
21%
6 nigeria
16%
5 philippine
12%
9 brésile
5%
Aucun quiz correspondant
Distribution des résultats
% des personnes avec chaque résultat
Percentile par nombre de réponses
Votre historique - résultats
Vous n’avez pas pris ce quiz